000 00831nam a2200241 u 4500
005 20240503063709.0
008 140827s2010 r 000 0 eng d
020 _a9788448830021
035 _aUPN01000199202
049 _aI
050 4 _aPZ57
_bG8.6
100 1 _aGüettler, Kalle,
_d1949-
_936081
245 1 1 _a¡No!, dijo el pequeño monstruo /
_cKalle Güettler, Rakel Helmsdal, Aslaug Jónsdóttir ; tr. Úa Matthiasdóttir.
260 _aBarcelona, Esp. :
_bBeascoa,
_c2010.
300 _a[31] p. :
_bprincipalmente il. col.
534 _pTítulo original:
_tNei! sagdi litla skrimslid
650 4 _aCUENTOS INFANTILES SUECOS
_923422
650 4 _aMonstruos
_vLiteratura infantil
_94410
700 1 _aHelmsdal, Rakel,
_ecoaut.
700 1 _aJónsdóttir, Aslaug,
_ecoaut.
905 _aInfantil
999 _c171303
_d171303